| 000 | 00526cam a22002051 4500 | ||
|---|---|---|---|
| 001 | he 67001510 | ||
| 003 | DLC | ||
| 005 | 20260227111448.0 | ||
| 008 | 840119s1966 is j 000 0 heb | ||
| 010 | _ahe 67001510 | ||
| 035 | _a(OCoLC)19146885 | ||
| 040 |
_aDLC _cMH _dDLC |
||
| 042 | _apremarc | ||
| 050 | 0 | 0 |
_aPZ90.H3 _bB534 |
| 100 | 1 |
_aBiber, Yehoash, _d1937- |
|
| 245 | 1 | 3 | _aha-Tsaʻatsuʻim sheli. |
| 260 |
_a[Tel Aviv] : _bMasadah, _c[1966] |
||
| 300 |
_a53 p. : _bcol. ill. ; _c27 cm. |
||
| 752 |
_aIsrael _dTel Aviv |
||
| 999 |
_c32531 _d32531 |
||